Brazil Debutants since 2014 - Statistics

General Stats
  • This quiz has been taken 47 times
  • The average score is 46 of 96
Answer Stats
% Correct
2021 Ajax RW 21 Antony 15 2
93%
2024 Atalanta CM 24 Ederson 1
93%
2017 Manchester City GK 24 Ederson 25
93%
2022 Arsenal LW 20 Gabriel Martinelli 10 2
93%
2019 Real Madrid RW 18 Rodrygo 22 5
93%
2019 Real Madrid LW 19 Vinicius Junior 29 3
93%
2023 Arsenal CB 25 Gabriel Magalhaes 6 1
90%
2021 Leeds United RW 24 Raphinha 22 6
88%
2019 Aston Villa CM 21 Douglas Luiz 14
86%
2018 Everton ST 21 Richarlison 48 20
86%
2015 Monaco DM 21 Fabinho 29
83%
2014 Shakhtar Donetsk CM 21 Fred 32
83%
2022 Juventus CB 25 Gleison Bremer 5
83%
2023 Palmeiras ST 17 Endrick 5 3
81%
2015 Internacional GK 23 Alisson Becker 64
79%
2020 Lyon DM 23 Bruno Guimaraes 21 1
79%
2023 Brighton & Hove Albion ST 22 Joao Pedro 1
79%
2019 Atletico Madrid LB 21 Renan Lodi 19
79%
2019 Ajax RW 22 David Neres 8 1
76%
2023 Newcastle United CM 26 Joelinton 5 1
76%
2021 Atletico Madrid ST 22 Matheus Cunha 11
76%
2014 Hoffenheim ST 23 Roberto Firmino 55 17
76%
2018 Barcelona DM 22 Arthur Melo 22 1
74%
2015 Lazio RW 22 Felipe Anderson 2
74%
2020 Flamengo ST 23 Pedro 6 1
74%
2018 Flamengo AM 21 Lucas Paqueta 45 10
71%
2024 Girona LW 19 Savio 2
69%
2018 Manchester United AM 22 Andreas Pereira 4 1
67%
2018 Porto CB 20 Eder Militao 31 2
67%
2016 Palmeiras ST 19 Gabriel Jesus 64 19
67%
2018 Napoli DM 27 Allan 10
64%
2014 Shakhtar Donetsk RW 24 Douglas Costa 31 3
64%
2018 Valencia GK 29 Norberto Neto 1
64%
2019 Porto LB 26 Alex Telles 12
60%
2023 Zenit RW 26 Malcom 2
60%
2019 Real Betis RB 20 Emerson Royal 10
57%
2018 Gremio LW 22 Everton Soares 25 3
57%
2016 Santos ST 19 Gabriel Barbosa 18 5
57%
2024 Wolverhampton Wanderers CM 23 Joao Gomes 3
57%
2023 America Mineiro RB 20 Arthur 1
55%
2024 Porto ST 24 Evanilson 1
55%
2014 Cruzeiro AM 25 Everton Ribeiro 22 3
55%
2024 Paris Saint-Germain CB 20 Lucas Beraldo 2
55%
2024 Porto LB 30 Wendell 2
55%
2019 Flamengo LW 28 Bruno Henrique 2
52%
2023 Monaco LB 26 Caio Henrique 1
52%
2023 Inter Milan LM 24 Carlos Augusto 2
52%
2017 Flamengo DM 24 Willian Arao 1
52%
2021 Marseille CM 24 Gerson 4
50%
2019 Gremio CM 21 Matheus Henrique 1
50%
2023 Atletico Mineiro LW 23 Paulinho 1
50%
2022 Roma CB 23 Roger Ibanez 3
50%
2018 Porto CB 29 Felipe 2
48%
2015 Barcelona AM 22 Rafinha Alcantara 2 1
48%
2023 Monaco RB 21 Vanderson 2
48%
2023 Athletico Paranaense ST 18 Vitor Roque 1
48%
2014 Shakhtar Donetsk ST 27 Luiz Adriano 4
45%
2023 Girona RB 21 Yan Couto 4
45%
2019 Aston Villa ST 22 Wesley Moraes 1
43%
2017 Monaco CB 24 Jemerson 2
38%
2023 Porto LW 26 Pepe 2
38%
2024 Porto LW 26 Wenderson Galeno 1
38%
2014 CSKA Moscow RB 24 Mario Fernandes 1
36%
2017 Athletico Paranaense GK 29 Weverton 10
36%
2023 Vasco da Gama CM 18 Andrey Santos 1
33%
2016 Atletico Mineiro LB 22 Douglas Santos 1
33%
2023 Fluminense DM 21 Andre 5
29%
2016 Shakhtar Donetsk LW 28 Taison 8 1
29%
2017 Corinthians RB 27 Fagner 9
26%
2024 Athletico Paranaense GK 24 Bento Krepski 2
24%
2023 Flamengo LB 25 Ayrton Lucas 2
19%
2017 Vasco da Gama CB 23 Luan Garcia 1
17%
2016 Sao Paulo CB 22 Rodrigo Caio 5
17%
2024 Flamengo CB 28 Fabricio Bruno 2
14%
2017 Gremio AM 23 Luan 2
14%
2018 Bordeaux CB 27 Pablo 2
14%
2023 Palmeiras AM 27 Raphael Veiga 6
14%
2023 Corinthians ST 22 Yuri Alberto 1
14%
2021 Benfica CB 26 Lucas Verissimo 2
12%
2023 Palmeiras ST 27 Rony 3
12%
2016 Gremio DM 21 Walace 5
12%
2017 Botafogo AM 30 Camilo 1
10%
2017 Corinthians GK 30 Cassio 1
10%
2021 Atletico Mineiro LB 24 Guilherme Arana 7
10%
2017 Flamengo LB 20 Jorge 1
10%
2015 Santos AM 25 Lucas Lima 14 2
10%
2015 Gremio GK 28 Marcelo Grohe 2
10%
2023 Fluminense CB 26 Nino 1
10%
2024 Sao Paulo DM 22 Pablo Maia 1
10%
2017 Gremio CB 31 Pedro Geromel 2
10%
2014 Corinthians CB 27 Gil 11
7%
2017 Fluminense AM 23 Gustavo Scarpa 1
7%
2021 Internacional CM 31 Edenilson 2
5%
2017 Corinthians AM 28 Rodriguinho 2
5%
2014 Cruzeiro AM 23 Ricardo Goulart 1
2%
2014 Sao Paulo DM 25 Souza 3
2%
No matching quizzes found
Score Distribution
Percent of People with Each Score
Percentile by Number Answered
Your Score History
You have not taken this quiz